Manual de control de la calidad (Record no. 85481)
[ view plain ]
| 000 -LEADER | |
|---|---|
| campo de control de longitud fija | 00780nam a2200205 i 4500 |
| 001 - NÚMERO DE CONTROL | |
| campo de control | 85481 |
| 003 - IDENTIFICADOR DE NÚMERO DE CONTROL | |
| campo de control | ES-MaACL |
| 005 - FECHA Y HORA DE LA ÚLTIMA TRANSACCIÓN | |
| campo de control | 20250902042854.0 |
| 007 - CAMPO FIJO DE DESCRIPCIÓN FÍSICA--INFORMACIÓN GENERAL | |
| campo de control de longitud fija | t| |
| 008 - DATOS DE LONGITUD FIJA--INFORMACIÓN GENERAL | |
| campo de control de longitud fija | 041128s1955 sp ||||1| spa d |
| 100 1# - ENTRADA PRINCIPAL--NOMBRE DE PERSONA | |
| Nombre de persona | Juran J. M. |
| 9 (RLIN) | 67331 |
| 245 10 - MENCIÓN DEL TÍTULO | |
| Título | Manual de control de la calidad |
| Resto del título | : principios y prácticas / |
| Mención de responsabilidad, etc. | J. M. Juran ; [versión española por Mateo Sust y José Batllé]. |
| 260 ## - PUBLICACIÓN, DISTRIBUCIÓN, ETC. | |
| Lugar de publicación, distribución, etc. | Barcelona : |
| Nombre del editor, distribuidor, etc. | Instituto de Economía de la Empresa : |
| -- | Reverté, |
| Fecha de publicación, distribución, etc. | 1955 ( |
| Fabricante | Imp. Escuela de la Casa Provincial de Caridad) |
| 300 ## - DESCRIPCIÓN FÍSICA | |
| Extensión | XII, 819 p. : |
| Otras características físicas | il. ; |
| Dimensiones | 22 cm. |
| 700 1# - ENTRADA AGREGADA--NOMBRE PERSONAL | |
| Nombre de persona | Sust, Mateo. |
| 9 (RLIN) | 108864 |
| 700 1# - ENTRADA AGREGADA--NOMBRE PERSONAL | |
| Nombre de persona | Batllé, José. |
| 9 (RLIN) | 26441 |
| 710 2# - ENTRADA AGREGADA--NOMBRE DE ENTIDAD CORPORATIVA | |
| Nombre de entidad corporativa o nombre de jurisdicción como elemento de entrada | Instituto de Economía de la Empresa (Barcelona) |
| 9 (RLIN) | 4865 |
| 852 ## - LOCALIZACIÓN | |
| Ubicación | ES-MaACL |
| Número de control de estantería | C-11288 |
| Sublocalización o colección | R.39529 |
| Estatus retirado | Estado de pérdida | Estado de daño | No para préstamo | Biblioteca de origen | Biblioteca actual | Ubicación en estantería | Fecha de adquisición | Fuente de adquisición | Total de préstamos | Signatura topográfica completa | Código de barras | Visto por última vez | Precio de reemplazo | Tipo de ítem Koha |
|---|---|---|---|---|---|---|---|---|---|---|---|---|---|---|
| Biblioteca del Ateneo de Madrid | Biblioteca del Ateneo de Madrid | Sala Palomar | 17/01/2008 | C-11288 | 1089324 | 23/02/2023 | 23/02/2023 | Libro impreso |
